LEADER 01669nam 2200385 450 001 9910688459903321 005 20230624171754.0 024 7 $a10.5772/intechopen.87597 035 $a(CKB)5400000000043876 035 $a(NjHacI)995400000000043876 035 $a(EXLCZ)995400000000043876 100 $a20230624d2021 uy 0 101 0 $aeng 135 $aur||||||||||| 181 $ctxt$2rdacontent 182 $cc$2rdamedia 183 $acr$2rdacarrier 200 00$aChallenges in pancreatic cancer /$fedited by Borislav Vladimirov, Mila Kovacheva-Slavova 210 1$aLondon, England :$cIntechOpen,$d2021. 215 $a1 online resource (114 pages) 311 $a1-83962-960-6 330 $aPancreatic cancer is one of the most lethal solid organ tumors with a poor five-year survival rate despite current oncological advances. The early and proper diagnosis of pancreatic cancer is of great importance for the improvement of the overall prognosis. This book provides an overview of the current challenges and states of pancreatic cancer and pancreatic neuroendocrine tumors, including information on diagnostic tools, treatment strategies, and mechanisms of pancreatic cancer therapy resistance. 606 $aPancreas$xCancer$vPopular works 606 $aPancreas$xCancer$xMolecular aspects 615 0$aPancreas$xCancer 615 0$aPancreas$xCancer$xMolecular aspects. 676 $a616.99437 702 $aVladimirov$b Borislav 702 $aKovacheva-Slavova$b Mila 801 0$bNjHacI 801 1$bNjHacl 906 $aBOOK 912 $a9910688459903321 996 $aChallenges in Pancreatic Cancer$92823843 997 $aUNINA LEADER 02403nas 2200445 n 450 001 990009044040403321 005 20240229084438.0 011 $a0035-1164 035 $a000904404 035 $aFED01000904404 035 $a(Aleph)000904404FED01 035 $a000904404 091 $2CNR$aP 00015497 100 $a20161109b19281978km-y0itaa50------ba 101 0 $afre 102 $aFR 110 $aauu-------- 200 1 $aRevue de géographie physique et de géologie dynamique 207 1$a1928-1978 210 $aParis$cPresses universitaires de France 440 0$1001000904405$12001$aRevue de géologie dynamique et de géographie physique 530 0 $aRevue de géographie physique et de géologie dynamique 675 $a55 675 $a911.2 676 $a551 676 $a551.1 712 02$aUniversité de Paris$bFaculté des Sciences$bLaboratoire de Géographie Physique Association des Amis et Anciens Elèves du Laboratoire de Géographie Physique et de Géologie Dynamique de la Faculté des Sciences de Paris 801 0$aIT$bACNP$c20090723 859 4 $uhttp://acnp.cib.unibo.it/cgi-ser/start/it/cnr/dc-p1.tcl?catno=8151&person=false&language=ITALIANO&libr=&libr_th=unina1$zBiblioteche che possiedono il periodico 901 $aSE 912 $a990009044040403321 958 $aBiblioteca del Gruppo Geomineralogico - Università degli studi di Napoli Federico II$b1957-1978.$c1976-1978.$fGM1 958 $aBiblioteca. Dipartimento di Ingegneria Idraulica, Geotecnica e Ambientale. Sede di p.le Tecchio (Geologia applicata). Università degli studi di Napoli Federico II$b1958-1978.$fDINGE 959 $aGM1 959 $aDINGE 996 $aRevue de géographie physique et de géologie dynamique$9787884 997 $aUNINA AP1 8 $6866-01$aNA081 Biblioteca del Gruppo Geomineralogico - Università degli studi di Napoli Federico II$elargo San Marcellino, 10, 80138 Napoli (NA)$m0812538157$nit AP1 8 $6866-02$aNA118 Biblioteca. Dipartimento di Ingegneria Idraulica, Geotecnica e Ambientale. Sede di p.le Tecchio (Geologia applicata). Università degli studi di Napoli Federico II$ep.le Tecchio,80, Napoli (NA)$m(081) 7682169$m(081) 7682162$nit AP2 40$aacnp.cib.unibo.it$nACNP Italian Union Catalogue of Serials$uhttp://acnp.cib.unibo.it/cgi-ser/start/it/cnr/df-p.tcl?catno=8151&language=ITALIANO&libr=&person=&B=1&libr_th=unina&proposto=NO